Mala guerra, cristiano. Los Aónikenk, Chile y Argentina. La disputa por la Patagonia durante el Siglo XIX.

Uloženo v:
Podrobná bibliografie
Hlavní autor: Bustos Azócar, Edmundo (autor)
Médium: Kniha
Vydáno: Santiago, Chile: Pehuén, 2023.
Vydání:Primera edición
Témata:
Tagy: Přidat tag
Žádné tagy, Buďte první, kdo vytvoří štítek k tomuto záznamu!

MARC

LEADER 00000nam a22000007a 4500
003 CL-VaPUC
005 20241003155443.0
008 240704t2023 ||||| |||| 00| 0 eng d
999 |c 444122  |d 444120 
020 |a 978-956-16-0883-2 
040 |c Pontificia Universidad Católica de Valparaíso 
082 7 |2 22  |a 982.004 BUS 2023 
100 |9 599590  |a Bustos Azócar, Edmundo  |e autor 
245 |a Mala guerra, cristiano.  |b Los Aónikenk, Chile y Argentina. La disputa por la Patagonia durante el Siglo XIX. 
250 |a Primera edición 
260 |a Santiago, Chile:  |b Pehuén,  |c 2023. 
300 |a 379 páginas. 
500 |a c.1 Donación Ricardo Iglesias. Memo HIS/016 28-6-2024. c.2 Rectoría 02/10/2024. 
583 |c 20240704  |k Catalogador Asistente 
650 |a Patagonia  |x Historia  |x Colonización  |y Siglo 19  |z Argentina  |z Chile  |9 889912 
650 0 |a Tehuelches   |9 308511  |x Aonikenk  |x Patagones  |x Historia  |y Siglo 19  |z Argentina  |z Chile 
942 |2 ddc  |c BK  |n 0 
952 |0 0  |1 0  |2 ddc  |4 0  |6 982_004000000000000_BUS_2023  |7 0  |8 A  |9 595303  |a BIBHIS  |b BIBHIS  |d 2024-07-04  |e Donación  |i 5661684  |l 1  |m 2  |o 982.004 BUS 2023  |p 5661684  |r 2025-03-31  |s 2024-11-26  |t 1  |w 2024-07-04  |y BK  |k HIS 
952 |0 0  |1 0  |2 ddc  |4 0  |6 982_004000000000000_BUS_2023  |7 0  |8 A  |9 597187  |a BIBHIS  |b BIBHIS  |d 2024-10-03  |i 5662974  |o 982.004 BUS 2023  |p 5662974  |r 2025-01-20  |t 2  |w 2024-10-03  |y BK  |k HIS